Geography Quiz

Random Geography or State Quiz

States by Sales tax Quiz Stats

 Plays Quiz not verified by Sporcle

Challenge
Share
Tweet
Embed
Score 0/19 Timer 05:00
0 Plays Today
Sales Tax State % Correct
No sales tax rateAlaska, Delaware, Montana, New Hampshire and Oregon
83.7%
6%Arkansas, Florida, Idaho, Iowa, Kentucky, Maryland, Michigan, Pennsylvania, South Carolina, Vermont, West Virginia
62.8%
4%Alabama, Georgia, Hawaii, Louisiana, New York, South Dakota, Virginia and Wyoming
58.1%
7%Indiana, Mississippi, New Jersey, Rhode Island, and Tennessee
58.1%
6.25%Illinois, Massachusetts, Texas
53.5%
6.5%California and Washington
48.8%
6.875%Minnesota
44.2%
5.5%Nebraska, and Ohio
41.9%
5%Maine, North Dakota and Wisconsin
39.5%
6.6%Arizona
37.2%
Sales Tax State % Correct
6.85%Nevada
37.2%
6.35%Connecticut
32.6%
5.125%New Mexico
32.6%
4.70%Utah
32.6%
2.9%Colorado
30.2%
6.3%Kansas
30.2%
4.225%Missouri
27.9%
4.75%North Carolina
27.9%
4.5%Oklahoma
25.6%

You're not logged in!

Compare scores with friends on all Sporcle quizzes.
OR
Log In

You Might Also Like...

Show Comments

Extras

Created Mar 27, 2013SourceReportNominate
Tags:State Quiz, sale, tax

Top Quizzes Today


Score Distribution

Your Account Isn't Verified!

In order to create a playlist on Sporcle, you need to verify the email address you used during registration. Go to your Sporcle Settings to finish the process.

Report this User

Report this user for behavior that violates our Community Guidelines.

Details: